| 000 | 00476nam a2200145Ia 4500 | ||
|---|---|---|---|
| 008 | 100415s9999 xx 000 0 und d | ||
| 082 |
_b20126 _a598.2(54) |
||
| 100 | _aGREWAL BIKRAM | ||
| 245 | _aBirds of the Indian Subcontinent: FOR REFERENCE ONLY | ||
| 260 |
_aHONG KONG _c2000 _bLOCAL COLOUR LTD. |
||
| 365 | _b1249.37 | ||
| 630 | _aBirds of the Indian Subcontinent: FOR REFERENCE ONLY | ||
| 730 | _aBirds of the Indian Subcontinent: FOR REFERENCE ONLY | ||
| 942 | _cBOOK | ||
| 999 |
_c603023 _d603020 |
||